000 00785nam a2200253Ia 4500
003 OSt
005 20220923213547.0
006 a|||||r|||| 00| 0
007 ta
008 220922b |||||||| |||| 00| 0 hin d
024 _a162,854
037 _cTextual
040 _aARTS
_cARTS
_bhin
041 _2hin
_ahin
082 _aO152,2NSI,SA, K0
100 _aसिंह, अनन्तबहादुर
245 0 _aसमा्रट अशोक
246 _aSamāraṭ ashoka
260 _c1960
490 _aपरिषद् ग्रंन्यमाला; 10
650 _aहिन्दी साहित्य
_9156264
942 _hO152,2NSI,SA, K0
_cTEXL
_2CC
999 _c317334
_d317334